<?xml version="1.0" encoding="UTF-8"?>
<record
    xmlns:xsi="http://www.w3.org/2001/XMLSchema-instance"
    xsi:schemaLocation="http://www.loc.gov/MARC21/slim http://www.loc.gov/standards/marcxml/schema/MARC21slim.xsd"
    xmlns="http://www.loc.gov/MARC21/slim">

  <leader>00273    a2200109   4500</leader>
  <controlfield tag="005">20260513164726.0</controlfield>
  <datafield tag="100" ind1=" " ind2=" ">
    <subfield code="a">&#x41A;&#x456;&#x442;&#x441; &#x414;.</subfield>
    <subfield code="9">25231</subfield>
  </datafield>
  <datafield tag="245" ind1=" " ind2=" ">
    <subfield code="a">&#x41F;&#x43E;&#x435;&#x437;&#x456;&#x439;</subfield>
  </datafield>
  <datafield tag="260" ind1=" " ind2=" ">
    <subfield code="b">&#x414;&#x43D;&#x456;&#x43F;&#x440;&#x43E;</subfield>
    <subfield code="c">1968</subfield>
  </datafield>
  <datafield tag="440" ind1=" " ind2=" ">
    <subfield code="a">&#x41F;&#x435;&#x440;&#x43B;&#x438;&#x43D;&#x438; &#x441;&#x432;&#x456;&#x442;&#x43E;&#x432;&#x43E;&#x457; &#x43B;&#x456;&#x440;&#x438;&#x43A;&#x438;</subfield>
    <subfield code="9">25232</subfield>
  </datafield>
  <datafield tag="942" ind1=" " ind2=" ">
    <subfield code="c">BK</subfield>
  </datafield>
  <datafield tag="999" ind1=" " ind2=" ">
    <subfield code="c">580698</subfield>
    <subfield code="d">580698</subfield>
  </datafield>
</record>
